00267nam a2200121Ia 45000030006000000080041000060400015000471000019000622450026000812600009001075460012001160050017001280STCL150530s9999 xx 000 0 und d aSTCLcSTCL aDrinkwater, J. aOutline of literature c1957 aEnglish20220125170842.0